| 000 | 00613nam a2200229Ia 4500 | ||
|---|---|---|---|
| 008 | 101110s9999 xx 000 0 und d | ||
| 041 | _aENGLISH | ||
| 082 | _bSR25818 | ||
| 100 | _aBarkakati Nabajyoti | ||
| 245 | _aObject-oriented programming in C++ | ||
| 260 |
_c2004 _bPrentice Hall of India, New delhi |
||
| 300 | _a666 | ||
| 365 | _b195 | ||
| 520 | _aComputer | ||
| 520 | _aSent to Computer Dept.,dt.30/7/04 | ||
| 546 | _aENGLISH | ||
| 630 | _aObject-oriented programming in C++ | ||
| 650 | _aComputer | ||
| 655 | _aComputer | ||
| 730 | _aObject-oriented programming in C++ | ||
| 942 | _cBOOK | ||
| 999 |
_c818427 _d818424 |
||